Played in the Premier League but Not the First Division - Statistics

General Stats
  • This quiz has been taken 841 times
  • The average score is 3 of 6
Answer Stats
Clubs % Correct
Bournemouth
75%
Swindon Town
57%
Wigan Athletic
53%
Hull City
49%
Barnsley
43%
Reading
34%
No matching quizzes found
Score Distribution
Percent of People with Each Score
Percentile by Number Answered
Your Score History
You have not taken this quiz